| 000 | 01304nam a22002537a 4500 | ||
|---|---|---|---|
| 999 |
_c18 _d18 |
||
| 003 | AR-CdUCM | ||
| 008 | 190220b ||||| |||| 00| 0 spa d | ||
| 020 | _a84-02-07391-3 | ||
| 040 |
_aMUNICIPALIDAD PROVINCIAL DEL CUSCO _cBIBLIOTECA MUNICIPAL DEL CUSCO |
||
| 082 |
_a869.813 / _bON52 |
||
| 100 |
_aOnetti, Juan Carlos _995 |
||
| 245 | _aEl astillero / | ||
| 260 |
_aEspaña : _bBruguera, S.A, _c1980. |
||
| 300 |
_a239 páginas ; _c17.6 cm. |
||
| 440 |
_aClub Bruguera _n34 _996 |
||
| 505 | _aRegresar a la alucinada ciudad de Santa María, emplearse en el astillero de Petrus y enamorar a la hija de éste es para Larsen la última oportunidad de encontrar un sentido. Sin embargo, muy pronto dicha tentativa se convierte en una rigurosa farsa: no hay nada que hacer en un astillero paralizado y en ruinas, ni es posible amar voluntariamente. A pesar de que la vida lo excluye, Larsen continúa impertérrito en su papel, como si no quisiera mirar a la cara a un mundo en vías de extinción, o tal vez porque fingir es la única salida posible contra la locura. | ||
| 650 |
_aJuan Carlos Onetti _997 |
||
| 650 |
_aNarrativa Uruguaya _998 |
||
| 650 |
_aNovela contemporánea _999 |
||
| 650 |
_aAstillero Petrus _9100 |
||
| 650 |
_aLarsen _9101 |
||
| 942 |
_2ddc _cLIBROS |
||
| 945 |
_alccs _d2019-02-20 |
||